000
00285nam a22001337a 4500
008
171226b xxu||||| |||| 00| 0 eng d
020
_a
9780195419177
041
_a
eng
080
_a
32
100
_a
19
101
_a
POL
245
_a
HOW OTTAWA SPENDS
_c
DOERN,G.B
942
_2
udc
_c
BK
999
_c
39397
_d
39397